00918nam a2200229Ia 4500001001100000003000800011006001900019007001500038008004100053040002100094035002100115050002300136100004100159245007900200260004700279300001000326533015200336651002900488655002900517710001700546856012500563ebr5001065CaPaEBRm u cr cn|||||||||000808s2001 ilu s 000 0 eng d aCaPaEBRcCaPaEBR a(OCoLC)68063301514aDU817b.S84 2001eb1 aStevenson, Robert Louis,d1850-1894.12aA footnote to historyh[electronic resource] /cby Robert Louis Stevenson. aChampaign, IL :bProject Gutenberg,c2001. a99 p. aElectronic reproduction.bPalo Alto, Calif. :cebrary,d2010.nAvailable via World Wide Web.nAccess may be limited to ebrary affiliated libraries. 0aSamoan IslandsxHistory. 7aElectronic books.2local2 aebrary, Inc.40uhttp://site.ebrary.com/lib/rucke/Doc?id=5001065zAn electronic book accessible through the World Wide Web; click to view